Seven pillars of wisdom : (Record no. 55857)
[ view plain ]
| 000 -LEADER | |
|---|---|
| fixed length control field | 00819nam a2200265 a 4500 |
| 001 - CONTROL NUMBER | |
| control field | 55857 |
| 003 - CONTROL NUMBER IDENTIFIER | |
| rucl marc code | BD-RjUL |
| 005 - DATE AND TIME OF LATEST TRANSACTION | |
| control field | 20211209080325.0 |
| 008 - FIXED-LENGTH DATA ELEMENTS--GENERAL INFORMATION | |
| fixed length control field | 161122m1964 nyua 001 0aeng |
| 035 ## - SYSTEM CONTROL NUMBER | |
| System control number | (BD-RjUL)55981 |
| 040 ## - CATALOGING SOURCE | |
| Original cataloging agency | DLC |
| Transcribing agency | TxU |
| Modifying agency | BD-RjUL |
| Language of cataloging | eng |
| 041 ## - LANGUAGE CODE | |
| Language code of text/sound track or separate title | eng |
| 082 ## - DEWEY DECIMAL CLASSIFICATION NUMBER | |
| Edition number | 23 |
| Classification number | 953 |
| Author mark and year | LAS 1964 |
| 100 1# - MAIN ENTRY--PERSONAL NAME | |
| Personal name | Lawrence, T. E. |
| 9 (RLIN) | 166306 |
| 245 14 - TITLE STATEMENT | |
| Title | Seven pillars of wisdom : |
| Remainder of title | A Triumph / |
| Statement of responsibility, etc. | T. E. Lawrence |
| 260 ## - PUBLICATION, DISTRIBUTION, ETC. (IMPRINT) | |
| Place of publication, distribution, etc. | New York : |
| Name of publisher, distributor, etc. | Penguin Books, |
| Date of publication, distribution, etc. | 1926, [Reprinted 1964] |
| 300 ## - PHYSICAL DESCRIPTION | |
| Pagination | 700 p. : |
| Illustrations | ill ; |
| Size | 24 cm. |
| 500 ## - GENERAL NOTE | |
| General note | Includes Index |
| 650 #0 - SUBJECT ADDED ENTRY--TOPICAL TERM | |
| Topical term or geographic name as entry element | World War, 1914-1918 |
| General subdivision | Campaigns |
| Geographic subdivision | Arabian Peninsula. |
| 9 (RLIN) | 166307 |
| Topical term or geographic name as entry element | Arabs. |
| 9 (RLIN) | 166308 |
| Topical term or geographic name as entry element | Bedouins. |
| 9 (RLIN) | 166309 |
| Topical term or geographic name as entry element | Wahhābīyah. |
| 9 (RLIN) | 166311 |
| 651 #0 - SUBJECT ADDED ENTRY--GEOGRAPHIC NAME | |
| Geographic name | Arabian Peninsula |
| General subdivision | Social life and customs. |
| 9 (RLIN) | 166312 |
| 942 ## - ADDED ENTRY ELEMENTS (KOHA) | |
| Source of classification or shelving scheme | Dewey Decimal Classification |
| Koha item type | Books |
| Lost status | Source of classification or shelving scheme | Damaged status | Not for loan | Collection code | Permanent Location | Current Location | Shelving location | Date acquired | Source of acquisition | Cost, normal purchase price | Total Checkouts | Full call number | Date last seen | Copy number | Koha item type |
|---|---|---|---|---|---|---|---|---|---|---|---|---|---|---|---|
| Dewey Decimal Classification | Non-fiction | Central Library, University of Rajshahi | Central Library, University of Rajshahi | 05/12/1967 | Ideal Library, Dkaka | 9.45 | 953 LAS 1964 | 22/11/2016 | C-2 | Books |